| 000 | 00408nam a22001697a 4500 | ||
|---|---|---|---|
| 003 | SGT | ||
| 020 | _a9788131264959 | ||
| 082 |
_a615 _bP22S |
||
| 100 | _aSHANBHAG, TARA V. | ||
| 245 | _aPHARMACOLOGY FOR MEDICAL GRADUATES | ||
| 250 | _a5TH | ||
| 260 |
_aINDIA _bELSEVIER PUB _c2022 |
||
| 300 | _a540 | ||
| 650 | _aPHARMACOLOGY | ||
| 653 | _aPHARMACOLOGY FOR MEDICAL GRADUATES | ||
| 942 |
_2ddc _cBK _0396 |
||
| 999 |
_c23766 _d23766 |
||